[Event "1st Panama Open"]
[Site "Panama City PAN"]
[Date "2011.11.04"]
[Round "3.15"]
[White "Gallegos,Ca"]
[Black "Uribe Arteaga,D"]
[Result "1-0"]
[WhiteElo "2404"]
[BlackElo "2228"]

1.e4 g6 2.d4 Bg7 3.Nc3 c6 4.Nf3 d5 5.h3 dxe4 6.Nxe4 Nd7 7.Bc4 Ngf6 8.Nxf6+ Nxf6
9.O-O O-O 10.Re1 e6 11.a4 Qc7 12.Qe2 b6 13.a5 b5 14.Bb3 a6 15.Ne5 c5 16.dxc5 Qxc5
17.Nd3 Qc6 18.Ne5 Qc5 19.Qf3 Nd5 20.c3 Qd6 21.Ng4 Ra7 22.Bh6 f5 23.Bxg7 Kxg7
24.Ne5 Bb7 25.Rad1 Qc7 26.Qd3 Raa8 27.Qd4 Kg8 28.Nxg6 hxg6 29.Rxe6 Rad8 30.Qh4 Qh7
31.Qg5 Kg7 32.Rd4 Qh6 33.Re7+ Nxe7 34.Qxe7+ Kh8 35.Rh4 Qxh4 36.Qxh4+ Kg7
37.Qe7+ Kh6 38.Qxb7 Rf6 39.c4 bxc4 40.Bxc4 Rd1+ 41.Kh2 Rd2 42.Qe7 Rdd6 43.f4 g5
44.fxg5+ Kxg5 45.b4 f4 46.Qe5+ Kh6 47.Bd5 Kg6 48.Be4+ Kg7 49.Bb7 Re6 50.Qg5+ Kf8
51.b5 f3 52.Bxf3 axb5 53.Bb7 b4 54.Qc5+  1-0

[Event "1st Panama Open"]
[Site "Panama City PAN"]
[Date "2011.11.05"]
[Round "5.24"]
[White "Zepeda,L"]
[Black "Uribe Arteaga,D"]
[Result "0-1"]
[WhiteElo "2125"]
[BlackElo "2228"]

1.e4 g6 2.d4 Bg7 3.Nc3 c6 4.f4 d5 5.exd5 cxd5 6.Nf3 Nc6 7.Be3 Bg4 8.Be2 Bxf3
9.Bxf3 e6 10.O-O Nge7 11.Ne2 Nf5 12.Qd2 Qb6 13.c3 Nxe3 14.Qxe3 O-O 15.Qd2 Rac8
16.Kh1 Na5 17.b3 Qc7 18.g4 Bh6 19.Bg2 Rfe8 20.Qd3 a6 21.Qh3 Bf8 22.Rf3 f5
23.Re3 Qf7 24.Qf3 b5 25.Ng3 b4 26.gxf5 gxf5 27.cxb4 Nc6 28.Ne2 Nxb4 29.Rg1 Nxa2
30.Qh3 Kh8 31.Bf3 Qf6 32.Bh5 Re7 33.Ng3 Qxd4 34.Nxf5 exf5 35.Qg2 Rg7 36.Rg3 Nc3
37.Qh3 Ne4  0-1

[Event "TCh-AUT 2 Ost 2011-12"]
[Site "Vienna AUT"]
[Date "2011.11.06"]
[Round "4"]
[White "Geismann,B"]
[Black "Petran,Pe"]
[Result "0-1"]
[WhiteElo "2125"]
[BlackElo "2297"]

1.d4 g6 2.e4 Bg7 3.Nc3 c6 4.f4 d5 5.e5 Nh6 6.Nf3 Bg4 7.Be3 f6 8.Be2 O-O 9.Qd2 Nd7
10.Ng5 Bf5 11.Nf3 Be4 12.Nxe4 dxe4 13.Nh4 f5 14.h3 e6 15.g3 b5 16.a4 a6 17.a5 Kh8
18.Ng2 Ng8 19.g4 Ne7 20.g5 Kg8 21.h4 Nd5 22.b4 Qe7 23.c3 Rfd8 24.h5 gxh5
25.Bxh5 Nf8 26.O-O-O c5 27.bxc5 Qc7 28.Kb2 Qxa5 29.Ra1 Qc7 30.Nh4 a5 31.Rhb1 Qd7
32.Ng2 Ng6 33.Kc1 Bf8 34.Be2 b4 35.cxb4 axb4 36.Rxa8 Rxa8 37.Bc4 Nge7 38.Qb2 Ra3
39.Bb3 Qb5 40.Bd2 Qf1+ 41.Ne1 Kg7 42.Kd1 Ra7 43.Qc1 Qf2 44.Bxd5 Nxd5 45.Bxb4  0-1

[Event "1st Panama Open"]
[Site "Panama City PAN"]
[Date "2011.11.07"]
[Round "9.24"]
[White "Lochte,T"]
[Black "Uribe Arteaga,D"]
[Result "0-1"]
[WhiteElo "2172"]
[BlackElo "2228"]

1.e4 g6 2.d4 Bg7 3.Nc3 c6 4.Be2 d5 5.Nf3 dxe4 6.Nxe4 Nd7 7.O-O Ngf6 8.Neg5 h6
9.Nh3 g5 10.Ne5 Nxe5 11.dxe5 Qxd1 12.Rxd1 Nh7 13.f4 Bxh3 14.gxh3 Nf8 15.Bh5 gxf4
16.Bxf4 Rg8 17.Kh1 Bxe5 18.Rf1 Bxf4 19.Rxf4 Ng6 20.Rg1 Rd8 21.Rb4 Rd7 22.Bf3 Kf8
23.h4 Ne5 24.Rxg8+ Kxg8 25.Be4 e6 26.c3 Rd1+ 27.Kg2 f5  0-1

[Event "Zakopane Open"]
[Site "Zakopane POL"]
[Date "2011.11.09"]
[Round "5"]
[White "Wisniowska,K"]
[Black "Parligras,C"]
[Result "1/2-1/2"]
[WhiteElo "2100"]
[BlackElo "2251"]

1.e4 c6 2.d4 g6 3.Nc3 Bg7 4.f4 d5 5.e5 h5 6.Nf3 Nh6 7.Be3 b5 8.a3 Bf5 9.h3 Nd7
10.Bf2 Nb6 11.b3 a5 12.a4 b4 13.Ne2 Bc8 14.g3 e6 15.Bg2 Bf8 16.Nc1 Be7 17.Nd3 Nf5
18.g4 Nh4 19.Nxh4 Bxh4 20.Qf3 Bxf2+ 21.Qxf2 Qe7 22.Nc5 Nd7 23.O-O-O Nxc5
24.dxc5 f5 25.gxf5 exf5 26.Rhg1 Be6 27.Bf3 Kf7 28.h4 Rh6 29.Rg5 Kg7 30.Rdg1 Kh7
31.Qd4 Rg8 32.R1g3 Kh8 33.Qg1 Kh7 34.Be2 Qf7 35.Bd3 Kh8 36.Kd2 Kh7 37.Ke3 Kh8
38.Kd4 Kh7 39.Be2 Kh8 40.Qd1 Kh7 41.Qd3 Rb8 42.Qa6 Qc7 43.Qd3 Qf7 44.Qa6 Qc7
45.Qd3 Qf7 46.Rg1 Qe7 47.Qg3 Qf7 48.Qd3 Qe7 49.Qg3 Qf7 50.Qd3 Qe7  1/2-1/2

[Event "5th Mediterranean Open"]
[Site "Rijeka CRO"]
[Date "2011.11.13"]
[Round "2.21"]
[White "Kanmazalp,O"]
[Black "Relja,M"]
[Result "1-0"]
[WhiteElo "2401"]
[BlackElo "2054"]

1.e4 g6 2.d4 Bg7 3.Nc3 c6 4.Nf3 d5 5.h3 a6 6.Bf4 e6 7.Bd3 Ne7 8.Qd2 h6 9.Be5 Bxe5
10.Nxe5 Nd7 11.Qf4 Nxe5 12.Qxe5 Rg8 13.O-O-O Bd7 14.h4 Kf8 15.h5 gxh5 16.Qxh5 Rh8
17.exd5 cxd5 18.Qe5 Rg8 19.Rxh6 Nc6 20.Qf4 Rc8 21.Rf6 Qe7 22.Rh1 Ke8 23.Kb1 Nd8
24.Nd1 Qb4 25.g4 Bb5 26.Bxb5+ Qxb5 27.Re1 a5 28.Ne3 Rc6 29.Qe5 Kd7 30.Rf3 Rb6
31.Nd1 Rxg4 32.Rb3 Qc6 33.Nc3 Rxb3 34.axb3 Qc7 35.Qe2 Rf4 36.Nb5 Qb6 37.Qd2 Rf5
38.c4 Nc6 39.Qd3 Nb4 40.Qe2 Qd8 41.c5 Rf4 42.Qe5  1-0

[Event "TCh-FIN SM-Liiga 2011-12"]
[Site "Turku FIN"]
[Date "2011.11.19"]
[Round "5.2"]
[White "Silber,H"]
[Black "Seeman,T"]
[Result "1/2-1/2"]
[WhiteElo "2274"]
[BlackElo "2405"]

1.e4 g6 2.d4 Bg7 3.Nc3 c6 4.Bc4 d5 5.exd5 b5 6.Bb3 b4 7.Nce2 cxd5 8.Nf3 Nf6
9.Bd2 O-O 10.O-O Ne4 11.a3 bxa3 12.Rxa3 Nc6 13.h3 a5 14.Bf4 Ba6 15.Re1 e6
16.c3 Nd6 17.Ba4 Bb5 18.Qa1 Bxa4 19.Rxa4 Nc4 20.Nc1 Nb6 21.Ra2 a4 22.Nd3 Na5
23.Qd1 Qd7 24.Nc5 Qc6 25.Nd2 Nac4 26.Nxc4 Nxc4 27.Nd3 Qb5 28.Qe2 a3 29.bxa3 Rxa3
30.Rxa3 Nxa3 31.Bd6 Ra8 32.Ra1 Bf8 33.Bxf8 Kxf8 34.Qe5 Kg8 35.Qd6 Qxd3 36.Rxa3 Rxa3
37.Qxa3 Qd1+ 38.Kh2 Qd2 39.f3 h5 40.Qb4 Kg7 41.Qc5 Qf4+ 42.Kh1 g5 43.Qa3 Qd2
44.Qc5 Kg6 45.Qc7 Qc1+ 46.Kh2 Qf4+ 47.Qxf4 gxf4 48.g4 fxg3+ 49.Kxg3 Kf5 50.Kh4 f6
51.Kg3 h4+ 52.Kxh4 Kf4 53.Kh5 e5 54.h4 e4 55.fxe4 dxe4 56.d5 e3 57.d6 e2
58.d7 e1=Q 59.d8=Q Qxc3 60.Kg6 Kg4  1/2-1/2

[Event "21st World Seniors"]
[Site "Rijeka CRO"]
[Date "2011.11.21"]
[Round "6.21"]
[White "Acosta,M USA"]
[Black "Leskovar,Mar"]
[Result "0-1"]
[WhiteElo "2088"]
[BlackElo "2316"]

1.d4 g6 2.e4 Bg7 3.Nc3 c6 4.Be3 d5 5.f3 dxe4 6.fxe4 e5 7.d5 Nf6 8.Nf3 O-O
9.dxc6 Nxc6 10.Bb5 Qa5 11.Bd3 Nb4 12.O-O Ng4 13.Qe2 Nxd3 14.cxd3 Nxe3 15.Qxe3 h6
16.a3 Be6 17.b4 Qc7 18.Rac1 Qd7 19.h3 Rfd8 20.Rfd1 a5 21.b5 a4 22.Rb1 Bb3
23.Rd2 Rac8 24.Ne2 Qxb5 25.Nc1 Rc3 26.Ne1 Bf8 27.Kh1 Bxa3 28.Ne2 Rcc8 29.Qxh6 Bb4
30.d4 Bxd2 31.Qxd2 exd4 32.Nxd4 Qf1+ 33.Kh2 Rc4 34.Qe2 Qxe2 35.Nxe2 Rxe4
36.Ng3 Re3 37.Nf3 a3 38.Nf1 a2 39.Ra1 Re2  0-1

[Event "21st World Seniors"]
[Site "Rijeka CRO"]
[Date "2011.11.22"]
[Round "7.9"]
[White "Malmdin,N"]
[Black "Okhotnik,V"]
[Result "0-1"]
[WhiteElo "2308"]
[BlackElo "2427"]

1.e4 g6 2.d4 Bg7 3.Nc3 c6 4.Nf3 d6 5.h3 Nf6 6.Be3 Qa5 7.Qd2 Nbd7 8.a3 O-O
9.Be2 e5 10.b4 Qc7 11.dxe5 dxe5 12.Rd1 b5 13.O-O Re8 14.Bh6 a5 15.Rfe1 axb4
16.axb4 Bxh6 17.Qxh6 Nf8 18.Qd2 Kg7 19.Bf1 Bb7 20.Qe3 Ne6 21.Nb1 Re7 22.Qc3 Nd7
23.Nbd2 f6 24.Nb3 Nb6 25.Na5 Rd7 26.Qb3 Re8 27.c3 Bc8 28.Rc1 Rd6 29.g3 Red8
30.Red1 Nf8 31.Rxd6 Qxd6 32.Qc2 h5 33.Kh2 g5 34.c4 bxc4 35.Nxc4 Qxb4 36.Rb1 Qa4
37.Qxa4 Nxa4 38.Rb8 Ne6 39.Ra8 Nac5 40.Nfd2 Ba6 41.Ra7+ Kg6 42.Kg2 Bxc4 43.Nxc4 Nxe4
44.Ra6 Rc8 45.Ra7 N4c5 46.Ne3 f5 47.Bc4 f4 48.Bxe6 Nxe6 49.Nc4 fxg3 50.Nxe5+ Kf5
51.Nc4 Nf4+ 52.Kxg3 h4+ 53.Kf3 Rf8 54.Ra5+ Kg6 55.Kg4 Nd5 56.Ne5+ Kh6 57.Nd3 Nb4
58.Rxg5 Nxd3 59.Rh5+ Kg6 60.Rg5+ Kf6 61.f4 Nf2+ 62.Kf3 Nxh3 63.Rc5 Ng1+ 64.Kg4 Rg8+
65.Kxh4 Nf3+ 66.Kh5 Nd4 67.Kh4 Ke6 68.Kh5 Kd6 69.Rc1 Rf8 70.Rd1 Rxf4  0-1

[Event "Femida Cup Women"]
[Site "Kharkiv UKR"]
[Date "2011.11.23"]
[Round "4"]
[White "Sharovskaya,O"]
[Black "Lomakina,G"]
[Result "1-0"]
[WhiteElo "1966"]
[BlackElo "2085"]

1.e4 g6 2.d4 Bg7 3.Nc3 c6 4.Be3 b5 5.f3 d6 6.Qd2 Nd7 7.O-O-O a6 8.h4 h5 9.Nh3 Qa5
10.Kb1 Nb6 11.Bd3 Rb8 12.Ne2 b4 13.Nc1 Na4 14.Nb3 Qc7 15.Ng5 Nf6 16.Bf4 c5
17.Bc4 O-O 18.e5 Ne8 19.e6 f6 20.Nf7 cxd4 21.Qd3 f5 22.Nxd4 Nb6 23.Bb3 a5
24.Nb5 Qb7 25.Nfxd6 exd6 26.e7+ Rf7 27.Nxd6 Qxe7 28.Bxf7+ Kh7 29.Bxe8 Qf6
30.Bc1 Be6 31.Bb5 a4 32.Ne8 Qf7 33.Nxg7 Bxa2+ 34.Ka1 Kxg7 35.Qd4+ Kh7 36.Qxb4 a3
37.Qxa3 Bd5 38.Bd2 Ra8 39.Ba5 Ra7 40.Kb1 Bc4 41.Qb4 Ba2+ 42.Kc1 Nc4 43.Bxc4 Bxc4
44.Qc3 Be6 45.Rd8  1-0

[Event "21st World Seniors Women"]
[Site "Rijeka CRO"]
[Date "2011.11.24"]
[Round "9.3"]
[White "Saunina,L"]
[Black "Khmiadashvili,T"]
[Result "1-0"]
[WhiteElo "2274"]
[BlackElo "2166"]

1.e4 c6 2.d4 g6 3.Nc3 Bg7 4.Nf3 d6 5.Be2 Nh6 6.h3 f6 7.Be3 Nf7 8.Qd2 b5 9.a3 a6
10.b4 d5 11.a4 bxa4 12.Rxa4 Bb7 13.Ra5 O-O 14.O-O e6 15.Rfa1 Nd6 16.Bd3 f5
17.exf5 exf5 18.Ne5 Nd7 19.f4 Nb6 20.Bxa6 Rxa6 21.Rxa6 Ndc4 22.Nxc4 Nxc4
23.Qd3 Bxa6 24.Rxa6 Qh4 25.Bd2 Re8 26.Ne2 Qe7 27.Kf1 Qb7 28.Ra2 Bf8 29.c3 Re6
30.Ng1 Qe7 31.Nf3 Bg7 32.Ra8+ Bf8 33.Ne5 Qb7 34.Ra2 Qb5 35.Kf2 Bd6 36.Ra8+ Kg7
37.Ra7+ Re7 38.Rxe7+ Bxe7 39.Nxc4 dxc4 40.Qe2 Kf7 41.Qe5 Qb7 42.Qh8 h5 43.Qh7+ Kf6
44.Qg8 Qb5 45.Kg1 Qd5 46.Qh8+ Kf7 47.Qh7+ Kf6 48.Be1 Bd6 49.Bh4+ Ke6 50.Qxg6+ Kd7
51.Qxh5 Bxf4 52.Qh7+ Kc8 53.Qe7 Bc7 54.Bf6 Qg8 55.Be5 Bxe5 56.dxe5 Qg3 57.Qf8+ Kb7
58.Qf7+ Kb8 59.Qxc4 Qe3+ 60.Kf1 Qxe5 61.Qd4 Qb5+ 62.Kf2 Kc7 63.h4 Kb7 64.h5 f4
65.h6 Qg5 66.Qg7+  1-0

[Event "Femida Cup Women"]
[Site "Kharkiv UKR"]
[Date "2011.11.25"]
[Round "6"]
[White "Bezkorovaina,M"]
[Black "Breslavska,G"]
[Result "1/2-1/2"]
[WhiteElo "2059"]
[BlackElo "2201"]

1.e4 c6 2.Nc3 g6 3.d4 Bg7 4.Nf3 d6 5.Bc4 Nf6 6.e5 dxe5 7.Nxe5 O-O 8.O-O Nbd7
9.Bf4 Nh5 10.Nxd7 Qxd7 11.Be5 Bxe5 12.dxe5 Nf4 13.Qf3 Qg4 14.Qxg4 Bxg4 15.f3 Bf5
16.Bb3 Rad8 17.Rad1 h5 18.Kf2 Be6 19.Bxe6 Nxe6 20.Ke3 f6 21.exf6 exf6 22.Rxd8 Rxd8
23.Rd1 Rxd1 24.Nxd1 Kf7 25.Nc3 Ke7 26.g3 f5 27.h4 Kd6 28.Ne2 Ke5 29.Nf4 Nxf4
30.gxf4+ Kd5 31.Kd3 c5 32.c4+ Kd6 33.Kc3 Kc6 34.b3 b6  1/2-1/2

[Event "XII Puhajarve Handicap"]
[Site "Puhajarve EST"]
[Date "2011.11.25"]
[Round "14"]
[White "Kulaots,K"]
[Black "Seeman,T"]
[Result "0-1"]
[WhiteElo "2577"]
[BlackElo "2400"]

1.e4 g6 2.d4 Bg7 3.Nc3 c6 4.Nf3 d5 5.h3 Nf6 6.e5 Ne4 7.Nxe4 dxe4 8.Ng5 O-O
9.Nxe4 Bf5 10.Ng3 Be6 11.Be3 c5 12.dxc5 Qc7 13.f4 Nd7 14.Be2 Rfd8 15.Qc1 Nxc5
16.O-O Rac8 17.c3 a6 18.Qc2 b5 19.f5 Qxe5 20.Rf3 Bd5 21.Bf4 Qf6 22.Rf2 Qc6
23.Bg5 Ne4 24.Nxe4 Bxe4 25.Qc1 Bxf5 26.Bxe7 Re8 27.Bg5 b4 28.Qf1 bxc3 29.bxc3 Qxc3
30.Rc1 Qa3 31.Rxc8 Rxc8 32.Bxa6 Ra8 33.Rd2 h6 34.Rd8+ Rxd8 35.Bxd8 Qxa2 36.Bc4 Qa7+
37.Kh1 Qd7 38.Bb6 h5 39.Be3 Be4 40.Kg1 Be5 41.Qe2 Kg7 42.Bf2 f5 43.Qe3 Qd1+
44.Bf1 Qd6 45.Qa7+ Qc7 46.Qe3 Bf6 47.Qe2 h4 48.Qe3 Qd6 49.Qe1 Bd4 50.Kh1 Bxf2
51.Qxf2 Qg3 52.Qxg3 hxg3 53.Kg1 f4 54.Be2 g5 55.Bg4 Kf6 56.Kf1 Ke5 57.Be2 Kd4
58.Ke1 Bxg2 59.Bg4 Ke3 60.Bf5 f3  0-1

[Event "21st World Seniors"]
[Site "Rijeka CRO"]
[Date "2011.11.25"]
[Round "10.32"]
[White "Trois,F"]
[Black "Hjertenes,O"]
[Result "1/2-1/2"]
[WhiteElo "2275"]
[BlackElo "2153"]

1.d4 g6 2.e4 Bg7 3.Nc3 c6 4.Bc4 e6 5.Nf3 d5 6.Bd3 Ne7 7.Bf4 b6 8.Qd2 h6 9.h4 Ba6
10.Bxb8 Bxd3 11.Be5 Bxe5 12.Nxe5 Ba6 13.Qf4 Rh7 14.Ng4 Ng8 15.O-O-O Qb8 16.Qf3 Qd6
17.exd5 cxd5 18.Nf6+ Nxf6 19.Qxf6 Qd8 20.Qf4 Qb8 21.Qxb8+ Rxb8 22.Rde1 Kd7
23.f4 h5 24.Re3 Rc8 25.Nb1 Rc7 26.Nd2 Rh8 27.Rhe1 Rhc8 28.c3 Rc6 29.Kc2 Rh8
30.Rg3 Rh6 31.Nf3 f6 32.a4 Rc7 33.Nd2 Bc8 34.a5 Kd6 35.Rge3 Rhh7 36.Ra1 Rhe7
37.Nf3 Bb7 38.Ree1 Bc6 39.Ra3 b5 40.b4 a6 41.Raa1 Bb7 42.Re3 Bc8 43.Rae1 Rg7
44.Kd2 Rce7 45.Rg1 f5 46.Ne5 Rg8 47.Rg3 Reg7 48.Re1 Bd7 49.Ree3 Be8 50.Rg5 Ke7
51.Reg3 Kf6 52.Rh3 Rh8 53.Nf3 Rh6 54.Ne1 Bd7 55.Nc2 Rh8 56.Rgg3 Rc8 57.Re3 Re7
58.Rhg3 Rg7 59.Re5 Re7 60.Ne3 Rce8 61.Nd1 Bc8 62.Rge3 Rd8 63.Nf2 Rd6 64.Nd3 Rd8
65.Nc5 Rde8 66.Rg3 Rg8 67.Rg5 Reg7 68.Re3 Re8  1/2-1/2

[Event "Femida Cup Women"]
[Site "Kharkiv UKR"]
[Date "2011.11.26"]
[Round "7"]
[White "Andriasian,S"]
[Black "Lomakina,G"]
[Result "1-0"]
[WhiteElo "2220"]
[BlackElo "2085"]

1.e4 g6 2.d4 Bg7 3.Nc3 c6 4.Nf3 d6 5.Be3 Nf6 6.Qd2 b5 7.Bd3 Ng4 8.Bg5 h6
9.Bh4 a6 10.h3 Nf6 11.Rd1 g5 12.Bg3 Qb6 13.e5 dxe5 14.dxe5 Nd5 15.Be4 e6
16.h4 g4 17.Nd4 Bd7 18.h5 a5 19.Rh4 b4 20.Nxd5 cxd5 21.Rxg4 Bf8 22.Bd3 Na6
23.Bh4 Be7 24.Bxe7 Kxe7 25.Qf4 Raf8 26.Qf6+ Ke8 27.Nf5  1-0

[Event "25th Belgrade Trophy"]
[Site "Obrenovac SRB"]
[Date "2011.11.26"]
[Round "3.32"]
[White "Popovic,Mila2"]
[Black "Payen,Ar"]
[Result "1-0"]
[WhiteElo "2041"]
[BlackElo "2340"]

1.d4 g6 2.Nc3 Bg7 3.e4 c6 4.Be3 d5 5.Qd2 dxe4 6.Nxe4 Nd7 7.f3 Ngf6 8.Nc3 Qa5
9.a3 O-O 10.Bc4 Nb6 11.Ba2 Rd8 12.Qe2 Nbd5 13.Bd2 Qb6 14.Bxd5 Nxd5 15.Nxd5 Rxd5
16.c3 Qxb2 17.Qd1 e5 18.Ne2 exd4 19.c4 d3 20.cxd5 dxe2 21.Kxe2 Bf5 22.Rc1 Bd4
23.Qa4 Re8+ 24.Kd1 Bd3 25.Re1 Rxe1+ 26.Kxe1 Bf2+ 27.Kd1 b5 28.Qb4 Qe5 29.Rxc6 Qe2+
30.Kc1 Qf1+ 31.Be1 Bf5 32.Kd1 Bxe1 33.Qxe1 Qd3+ 34.Qd2 Qf1+ 35.Qe1 Qxg2 36.Qe8+ Kg7
37.Qe5+ Kh6 38.Qxf5 Qf1+ 39.Kd2 Qf2+ 40.Kc1 Qa2 41.Qf4+ Kh5 42.Qg4+ Kh6 43.Qh4+ Kg7
44.Qd4+  1-0

[Event "Cultural Village Tournament"]
[Site "Wijk aan Zee NED"]
[Date "2011.11.27"]
[Round "6.2"]
[White "Naroditsky,D"]
[Black "Lenderman,A"]
[Result "1-0"]
[WhiteElo "2472"]
[BlackElo "2581"]

1.e4 g6 2.d4 Bg7 3.Nc3 c6 4.Be3 Qb6 5.Qd2 Qxb2 6.Rb1 Qa3 7.Nf3 b5 8.Bxb5 cxb5
9.Nxb5 Qxa2 10.Nc7+ Kd8 11.O-O Kxc7 12.Ra1 Qxa1 13.Rxa1 Nc6 14.e5 Kd8 15.Qc3 e6
16.Ng5 Ke8 17.Ne4 f6 18.d5 exd5 19.Nd6+ Kf8 20.Bc5 Nce7 21.exf6 Nxf6 22.Bd4 Neg8
23.Nxc8 Rxc8 24.Qxc8+ Kf7 25.Rxa7 Ne7 26.Qa6 Rb8 27.g3  1-0

[Event "2nd JAHV McGregor Open"]
[Site "Bogota COL"]
[Date "2011.12.08"]
[Round "6"]
[White "Mosquera,M"]
[Black "Urbina,J"]
[Result "1-0"]
[WhiteElo "2396"]
[BlackElo "2196"]

1.e4 g6 2.d4 Bg7 3.Nc3 c6 4.Nf3 d6 5.Bc4 Nf6 6.e5 dxe5 7.Nxe5 O-O 8.O-O Nbd7
9.Bg5 Nb6 10.Bb3 Nfd5 11.Bh4 Nxc3 12.bxc3 Bxe5 13.dxe5 Qxd1 14.Rfxd1 Re8
15.a4 Kg7 16.f3 Nd7 17.e6 fxe6 18.Bxe6 Nf6 19.Bb3 h6 20.a5 g5 21.Bf2 Bf5
22.Ra4 e5 23.Rb4 Bc8 24.Rd6 a6 25.h4 e4 26.hxg5 hxg5 27.Be3  1-0

[Event "80th Anniversary Mollet IM"]
[Site "Mollet del Valles ESP"]
[Date "2011.12.09"]
[Round "4"]
[White "Morros Faura,R"]
[Black "Ramon Solans,A"]
[Result "1/2-1/2"]
[WhiteElo "2183"]
[BlackElo "2280"]

1.e4 g6 2.d4 Bg7 3.Nc3 c6 4.Nf3 d5 5.h3 dxe4 6.Nxe4 Nd7 7.Bd3 Ngf6 8.O-O Nxe4
9.Bxe4 Nf6 10.Bd3 O-O 11.Re1 Bf5 12.Bxf5 gxf5 13.c3 e6 14.Bf4 Ne4 15.Ne5 Qh4
16.Qf3 Kh8 17.Bg3 Qe7 18.Qh5 Nxg3 19.fxg3 Bxe5 20.Rxe5 Qf6 21.Rf1 Rg8 22.Kh2 Rg5
23.Qh4 Rag8 24.Rf3 Qd8 25.Qf4 Qf6 26.b4 Qh6 27.Re2 Qg7 28.a4 h5 29.b5 cxb5
30.axb5 a6 31.bxa6 bxa6 32.Ra2 f6 33.Re3 Re8 34.Rxa6 e5 35.dxe5 fxe5 36.Ra7 Qf6
37.Rf7 Qxf7 38.Qxg5 Kh7 39.Rf3 Rf8 40.g4 Qg6 41.Rxf5 Qxg5 42.Rxg5 hxg4 43.Rxg4 Re8
44.Re4 Kg6 45.g4 Kf6 46.Kg3 Ke6 47.h4 Rc8 48.Re3 Kd5 49.g5 e4 50.Kg4 Ke5
51.g6 Kf6 52.h5 Rc4 53.Kf4 Rc5 54.Rg3 e3 55.Kxe3 Rxc3+ 56.Kf4 Rc4+ 57.Kf3 Kg7
58.Rg4 Rc8 59.Rf4 Kh6 60.Kg4 Rc5 61.Rf7 Rg5+ 62.Kf4 Rxh5 63.g7  1/2-1/2

[Event "2nd JAHV McGregor Open"]
[Site "Bogota COL"]
[Date "2011.12.11"]
[Round "9"]
[White "Barrientos,S"]
[Black "Urbina,J"]
[Result "1-0"]
[WhiteElo "2517"]
[BlackElo "2196"]

1.e4 g6 2.d4 Bg7 3.Nc3 c6 4.g3 d5 5.exd5 cxd5 6.Bg2 e6 7.Nf3 Nc6 8.O-O Nge7
9.Re1 Nf5 10.Ne2 h5 11.h3 Kf8 12.c3 a5 13.a4 b6 14.Nf4 Kg8 15.h4 Bf6 16.Nd3 Bd7
17.Bg5 Rc8 18.Qd2 Bxg5 19.Nxg5 Qf6 20.Ne5 Nxe5 21.Rxe5 Kg7 22.b3 Rc7 23.Bh3 Nd6
24.Rae1 Re8 25.R5e3 b5 26.axb5 Rb7 27.Rf3 Qe7 28.Qf4 Rxb5 29.c4 dxc4 30.bxc4 Rb4
31.Qe5+ Kg8 32.c5 Nc4 33.Qc7 f5 34.d5 Rc8 35.Qa7 Qg7 36.dxe6 Bc6 37.e7 Rbb8
38.Rd3 Ne5 39.Rd8+ Be8 40.Qxb8 Rxb8 41.Rxb8 Qxe7 42.c6  1-0

[Event "18th Zadar Open A"]
[Site "Zadar CRO"]
[Date "2011.12.14"]
[Round "5.7"]
[White "Kadric,D"]
[Black "Brkic,A"]
[Result "0-1"]
[WhiteElo "2403"]
[BlackElo "2605"]

1.e4 g6 2.d4 Bg7 3.Nc3 c6 4.f4 d5 5.e5 Nh6 6.Nf3 f6 7.Be3 Bg4 8.h3 Bxf3 9.Qxf3 O-O
10.Qe2 fxe5 11.fxe5 Nf5 12.Bf2 e6 13.O-O-O Ng3 14.Bxg3 Qg5+ 15.Kb1 Qxg3 16.Rd3 Qf2
17.Nd1 Qxe2 18.Bxe2 c5 19.Bg4 Re8 20.c3 Nc6 21.h4 Re7 22.Rf1 Rf8 23.Rxf8+ Kxf8
24.Ne3 Bh6 25.Nd1 Ke8 26.a3 Kd7 27.b4 cxd4 28.cxd4 Rf7 29.g3 Rf1 30.Kc2 Ne7
31.Nc3 Nf5 32.Bxf5 gxf5 33.Nb5 a6 34.Nd6 Rf2+ 35.Kb3 b6 36.Rc3 Bd2 37.Rc8 Be3
38.Rh8 Bxd4 39.Rxh7+ Kc6 40.Nf7 Rb2+ 41.Ka4 b5+ 42.Ka5 Bb6+ 43.Kxa6 Ra2  0-1

[Event "TCh-NED Meesterklasse 2011-12"]
[Site "Netherlands NED"]
[Date "2011.12.17"]
[Round "4.5"]
[White "Rijnaarts,S"]
[Black "Orlov,And"]
[Result "1/2-1/2"]
[WhiteElo "2302"]
[BlackElo "2525"]

1.e4 g6 2.d4 Bg7 3.Nc3 c6 4.Nf3 d5 5.h3 Nh6 6.Bf4 dxe4 7.Nxe4 Nf5 8.c3 O-O
9.Bd3 Nd6 10.O-O Nxe4 11.Bxe4 Nd7 12.Re1 Nf6 13.Bc2 Re8 14.Bb3 Nd5 15.Bd2 Bd7
16.Ne5 Be6 17.Qf3 Qc8  1/2-1/2

[Event "XXII Cajacanarias Christmas"]
[Site "Santa Cruz de Tenerife ESP"]
[Date "2011.12.23"]
[Round "6"]
[White "Cruz Veloz,M"]
[Black "Hidalgo Santana,F"]
[Result "0-1"]
[WhiteElo "1991"]
[BlackElo "2150"]

1.e4 g6 2.d4 Bg7 3.Nc3 c6 4.Nf3 d6 5.Bg5 Qb6 6.Qd2 Qxb2 7.Rb1 Qa3 8.Be2 Qa5
9.O-O Nd7 10.Rfe1 Ngf6 11.e5 dxe5 12.dxe5 Ng4 13.e6 Bxc3 14.exd7+ Bxd7 15.Qf4 Bxe1
16.Nxe1 Nf6 17.Nf3 Nd5 18.Qe5 O-O-O 19.Bxe7 Rde8 20.c4 Qc7 21.Qxc7+ Kxc7
22.cxd5 Rxe7 23.Bc4 cxd5 24.Bxd5 Bc6 25.Rc1 Rd8 26.Bxc6 bxc6 27.g3 f6 28.Rc4 Kb6
29.Nd4 c5 30.Nb3 Rd5 31.Kf1 Kb5 32.Rf4 f5 33.a4+ Kb6 34.Rc4 Re4 35.a5+ Kb5
36.Rc2 Rd1+ 37.Kg2 c4 38.Nd2 Rxd2 39.Rxd2 c3 40.Rc2 Kc4 41.f3 Rd4 42.Kf2 Kb3
43.Rc1 c2  0-1

[Event "Cracovia Open A"]
[Site "Krakow POL"]
[Date "2011.12.27"]
[Round "1.17"]
[White "Tregubov,V"]
[Black "Llopis de Aysa,M"]
[Result "1/2-1/2"]
[WhiteElo "2397"]
[BlackElo "2156"]

1.e4 g6 2.d4 Bg7 3.Nc3 c6 4.Be3 d5 5.f3 dxe4 6.fxe4 e5 7.Nf3 exd4 8.Bxd4 Bxd4
9.Nxd4 Nf6 10.Qd2 O-O 11.O-O-O Bg4 12.Be2 Bxe2 13.Qxe2 Nbd7 14.h4 Qe7 15.h5 Rae8
16.Nf3 Nxh5 17.Qf2 Ne5 18.Qxa7 Ra8 19.Qd4 Nxf3 20.gxf3 Qg5+ 21.Kb1 Rfd8 22.Qb6 Qe7
23.Ne2 Ng7 24.a3 Ne6 25.Qe3 Rxd1+ 26.Rxd1 Rd8 27.Rxd8+ Qxd8 28.c3 Qd1+ 29.Ka2 Qd6
30.f4 Qc5 31.Qf3 Kg7  1/2-1/2

[Event "1st St Leon-Rot Open"]
[Site "Sankt Leon-Rot GER"]
[Date "2011.12.28"]
[Round "4"]
[White "Jenisch,Achim"]
[Black "Pelt,A"]
[Result "0-1"]
[WhiteElo "1850"]
[BlackElo "2107"]

1.e4 g6 2.d4 Bg7 3.Nc3 c6 4.Be3 d5 5.e5 Nh6 6.f4 Bg4 7.Be2 Nf5 8.Bf2 Bxe2
9.Qxe2 h5 10.Nf3 Na6 11.Nh4 e6 12.Nxf5 gxf5 13.a3 Qb6 14.b4 Qd8 15.Qd3 Bh6
16.Ne2 Kd7 17.Rb1 Nc7 18.Qh3 Qg8 19.Bh4 Qg4 20.Qxg4 hxg4 21.Bg3 b5 22.Kd2 a5
23.Nc1 Bf8 24.Nd3 axb4 25.axb4 Ra4 26.c3 Be7 27.Ra1 Rha8 28.Rxa4 Rxa4 29.Rb1 Na8
30.Nb2 Ra3 31.Kc2 Nb6 32.Be1 Kc7 33.Bd2 Ra8 34.Be1 f6 35.Bf2 Rh8 36.Rh1 Bf8
37.Bg3 fxe5 38.dxe5 c5 39.bxc5 Bxc5 40.Ra1 Nc4 41.Nxc4 dxc4 42.Ra6 Bb6 43.Ra1 Kc6
44.Rd1 Bc5 45.Ra1 Kb6 46.Kb2 b4 47.cxb4 Bxb4  0-1

[Event "TCh-ISR 2011-12"]
[Site "Israel ISR"]
[Date "2011.12.30"]
[Round "3.1"]
[White "Abergel,T"]
[Black "Finkel,A"]
[Result "1/2-1/2"]
[WhiteElo "2474"]
[BlackElo "2499"]

1.e4 g6 2.d4 Bg7 3.Nc3 c6 4.Be3 d5 5.Qd2 dxe4 6.Nxe4 Bf5 7.Ng3 Nf6 8.Nxf5 gxf5
9.Bd3 e6 10.Ne2 Nbd7 11.O-O-O Ng4 12.Kb1 Qb6 13.c3 O-O-O 14.Qe1 Nxe3 15.fxe3 Nf6
16.Rf1 h5 17.Nf4 c5 18.Bc2 Bh6 19.Ka1 Qc7 20.Bb1 cxd4 21.cxd4 Kb8 22.Rc1 Qd6
23.g3 Rc8 24.Qe2 Rxc1 25.Rxc1 h4 26.Qf3 Ng4 27.Rc2 Rg8 28.a3 a6 29.Re2 Nf6
30.Rg2 Bxf4 31.gxf4 Rxg2 32.Qxg2 Ng4 33.Qe2 h3 34.Qf3 Nxh2 35.Qxh3 Ng4 36.Qf3 Qc6
37.Qh3 Qc1 38.e4 Nf2 39.Qh8+ Ka7 40.d5 Nxe4 41.dxe6 fxe6 42.Qd4+ Qc5 43.Qxc5+ Nxc5
44.Ba2 e5 45.fxe5 Kb8 46.e6 Kc7 47.e7 Kd7 48.b4 Ne4 49.Be6+ Kxe7  1/2-1/2

[Event "1st St Leon-Rot Open"]
[Site "Sankt Leon-Rot GER"]
[Date "2011.12.30"]
[Round "7"]
[White "Boos,P"]
[Black "Chernov,Va"]
[Result "0-1"]
[WhiteElo "2125"]
[BlackElo "2445"]

1.e4 g6 2.d4 Bg7 3.Nc3 c6 4.Nf3 d6 5.a4 Nf6 6.h3 O-O 7.Be2 Nbd7 8.O-O Qc7
9.Bf4 e5 10.Bh2 Re8 11.dxe5 dxe5 12.Bc4 h6 13.Qe2 Bf8 14.Rad1 a6 15.Ra1 b6
16.Rfd1 Bb7 17.Ba2 b5 18.axb5 axb5 19.Nb1 Ra5 20.c3 Rea8 21.b4 Ra4 22.Nd4 Nb6
23.Rd2 Nc4 24.Rc2 Bd6 25.Nb3 Bc8 26.N1d2 Be6 27.Nc1 Kg7 28.Kh1 Ra3 29.f3 Nh5
30.Rb1 Nxd2 31.Qxd2 Qe7 32.Bxe6 Qxe6 33.Ne2 Bc7 34.Bg1 Rd8 35.Qe3 Ra6 36.Qc1 Rd3
37.Be3 Bb6 38.Bxh6+ Kh7 39.Bf8 Rxf3 40.Qh6+ Kg8 41.Kh2 Be3 42.gxf3 Bxh6 43.Bxh6 Ra2
44.Rbb2 Ra1 45.Rd2 Qf6 46.Ng1 Nf4 47.Bxf4 Qxf4+ 48.Kg2 Qg5+  0-1

[Event "Cracovia Open A"]
[Site "Krakow POL"]
[Date "2011.12.31"]
[Round "5.22"]
[White "Mulet,P"]
[Black "Llopis de Aysa,M"]
[Result "1-0"]
[WhiteElo "2303"]
[BlackElo "2156"]

1.e4 g6 2.d4 Bg7 3.Nc3 c6 4.Bc4 d6 5.Qf3 Nf6 6.e5 dxe5 7.dxe5 Nd5 8.Nxd5 cxd5
9.Bxd5 O-O 10.Ne2 Nc6 11.Bxc6 bxc6 12.Bf4 Ba6 13.O-O Bxe2 14.Qxe2 Qd5 15.Qd2 Qxd2
16.Bxd2 Bxe5 17.Rae1 Bf6 18.b3 Rfd8 19.Be3 Rd7 20.Rd1 Rad8 21.Rxd7 Rxd7 22.Rb1 Bc3
23.Kf1 Bb4 24.Ke2 Kf8 25.h3 e5 26.g4 f6 27.h4 Ke7 28.h5 g5 29.Kf3 Ke6 30.Ke4 a6
31.c3 Be7 32.b4 Rd8 33.Rb3 Ra8 34.Ra3 Bd6 35.Bb6 Be7 36.Ra4 Bf8 37.c4 Rb8
38.Rxa6 Bxb4 39.a4 Rb7 40.a5 Rd7 41.Ra8 c5 42.Rd8 Rxd8 43.Bxd8 Kd7 44.a6  1-0

[Event "Cracovia Open A"]
[Site "Krakow POL"]
[Date "2012.01.02"]
[Round "7.35"]
[White "Jablonska,S"]
[Black "Llopis de Aysa,M"]
[Result "0-1"]
[WhiteElo "1910"]
[BlackElo "2156"]

1.e4 g6 2.d4 Bg7 3.Nc3 c6 4.f4 d5 5.e5 Nh6 6.Be3 Qb6 7.Rb1 f6 8.Qd2 Ng4 9.Nf3 Nxe3
10.Qxe3 Bg4 11.Be2 Nd7 12.exf6 Bxf6 13.Ne5 Bxe2 14.Nxe2 Bxe5 15.fxe5 O-O
16.c3 Rf5 17.Qg3 Raf8 18.h4 c5 19.a3 Qb3 20.h5 g5 21.h6 Qc2 22.Rd1 Qxb2 23.Nf4 Qc2
24.O-O Rxf4 25.Qxg5+ Qg6 26.Qxe7 Rxf1+ 27.Rxf1 Rxf1+ 28.Kxf1 Qf7+  0-1